| 000 | 00532nam a2200193 a 4500 | ||
|---|---|---|---|
| 001 | 57787 | ||
| 003 | BD-RjUL | ||
| 005 | 20211209080543.0 | ||
| 008 | 161211s1980 xxu||||| |||| 00| 0 eng d | ||
| 035 | _a(BD-RjUL)57911 | ||
| 040 |
_aBD-RjUL _beng _cBD-RjUL |
||
| 041 | _aeng | ||
| 082 |
_223 _a658.311 _bREC 1980 |
||
| 245 | 0 | 1 |
_aRecruiting & selecting personnel / _cBernard Ungerson |
| 260 |
_aToronto : _bColes, _c ©1980. |
||
| 300 |
_axxii, 289 p, ; _c 22 cm. |
||
| 650 |
_a Employees -- Recruiting. _9171614 |
||
| 942 |
_2ddc _cBK |
||
| 999 |
_c57787 _d57787 |
||